Complex analysis with vector calculus / (Record no. 7217)
[ view plain ]
| 000 -LEADER | |
|---|---|
| fixed length control field | 01286nam a2200181 a 4500 |
| 020 ## - INTERNATIONAL STANDARD BOOK NUMBER | |
| ISBN | 1842653601 (hardcover) |
| 020 ## - INTERNATIONAL STANDARD BOOK NUMBER | |
| ISBN | 9781842653609 (hardcover) |
| 100 1# - MAIN ENTRY--AUTHOR NAME | |
| Personal name | Cooray, T.M.J.A. |
| 245 10 - TITLE STATEMENT | |
| Title | Complex analysis with vector calculus / |
| 250 ## - EDITION STATEMENT | |
| Edition statement | 1st ed. |
| 260 ## - PUBLICATION, DISTRIBUTION, ETC. (IMPRINT) | |
| Place of publication | [S.l.] : |
| Name of publisher | Alpha Science Int'l Ltd, |
| Year of publication | 2006. |
| 300 ## - PHYSICAL DESCRIPTION | |
| Number of Pages | 368 p. ; |
| 520 ## - SUMMARY, ETC. | |
| Summary, etc | Based on many years of experience of the author Complex Analysis with Vector Calculus provides clear and condensed treatment of the subject. It is primarily intended to be used by undergraduate students of engineering and science as a part of a course in engineering mathematics, where they are introduced to complex variable theory, through conceptual development of analysis. The book also introduces vector algebra, step by step, with due emphasis on various operations on vector field and scalar fields. Especially, it introduces proof of vector identities by use of a new approach and includes many examples to clarify the ideas and familiarize students with various techniques of problem solving. |
| 856 40 - ELECTRONIC LOCATION AND ACCESS | |
| Uniform Resource Identifier | http://www.amazon.com/exec/obidos/ASIN/1842653601/chopaconline-20 |
| Withdrawn status | Lost status | Home library | Current library | Date acquired | Cost, normal purchase price | Full call number | Accession Number | Koha item type |
|---|---|---|---|---|---|---|---|---|
| Central Library, QUEST, Nawabshah | Central Library, QUEST, Nawabshah | 19/06/2014 | 487.00 | 515.9COO | 30471 | Books | ||
| Central Library, QUEST, Nawabshah | Central Library, QUEST, Nawabshah | 26/08/2014 | 572.00 | 515.9COO | 34761 | Books |